Technika obchodu so Sovietskym sväzom

Saved in:
Bibliographic Details
Format: Book
Language:Slovak
Published: Bratislava Práca 1950
Tags: Add Tag
No Tags, Be the first to tag this record!

MARC

LEADER 00000nam a2200000 4500
001 0308313
005 20250428113956.6
041 0 |a slo 
044 |a SK 
245 1 0 |a Technika obchodu so Sovietskym sväzom  |c Boris Čebotarev 
264 1 |a Bratislava  |b Práca  |c 1950